| Tag |
First Indicator |
Second Indicator |
Subfields |
| LEADER |
00000cam a2200000 i 4500 |
| 001 |
in00003430921 |
| 005 |
20151206091658.0 |
| 008 |
121101s2013 enk b 001 0 eng d |
| 020 |
|
|
|a 9780199662319
|
| 020 |
|
|
|a 0199662312
|
| 035 |
|
|
|a (OCoLC)ocn815824145
|
| 040 |
|
|
|a ERASA
|e rda
|c ERASA
|d BWK
|d YDX
|d CDX
|d NLE
|d CUI
|d BDX
|d NGA
|d DGU
|d TXA
|d UtOrBLW
|
| 043 |
|
|
|a e-it---
|
| 049 |
|
|
|a TXAM
|
| 082 |
0 |
|
|a 940.5
|
| 090 |
|
|
|a DG551
|b .D44 2013
|
| 100 |
1 |
|
|a De Francesco, Antonino,
|d 1954-
|e author.
|
| 245 |
1 |
4 |
|a The antiquity of the Italian nation :
|b the cultural origins of a political myth in modern Italy, 1796-1943 /
|c Antonio De Francesco.
|
| 250 |
|
|
|a First edition.
|
| 264 |
|
1 |
|a Oxford ;
|a New York :
|b Oxford University Press,
|c 2013.
|
| 300 |
|
|
|a 266 pages ;
|c 23 cm.
|
| 336 |
|
|
|a text
|b txt
|2 rdacontent
|
| 337 |
|
|
|a unmediated
|b n
|2 rdamedia
|
| 338 |
|
|
|a volume
|b nc
|2 rdacarrier
|
| 490 |
1 |
|
|a Classical presences
|
| 504 |
|
|
|a Includes bibliographical references (pages 217-249) and index.
|
| 520 |
|
|
|a With Italy under Napoleonic rule at the beginning of the nineteenth century, the antiquarian topic of anti-romanism became a pillar of the Italian nation-building process and, in turn, was used against the dominant French culture. The history of the Italian nation predating the Roman Empire supported the idea of an Italian cultural primacy and proved crucial in the creation of modern Italian nationalism. Towards the end of the nineteenth century, Italian studies of Roman history would drape a dark veil over the earliest history of Italy while Fascism openly claimed the legacy of the Roman Empire. Italic antiquity would, however, remain alive through all those years, intersecting with the political and cultural life of modern Italy.
|
| 650 |
|
0 |
|a National characteristics, Italian
|x History
|y 19th century.
|
| 650 |
|
0 |
|a Nationalism and historiography
|z Italy
|x History
|y 19th century.
|
| 651 |
|
0 |
|a Italy
|x Politics and government
|y 1789-1870.
|
| 651 |
|
0 |
|a Italy
|x Historiography.
|
| 830 |
|
0 |
|a Classical presences.
|
| 945 |
|
|
|a PromptCat
|
| 948 |
|
|
|a cataloged
|b h
|c 2014/2/3
|d c
|e dmitchel
|f 8:00:00 am
|
| 994 |
|
|
|a C0
|b TXA
|
| 999 |
|
|
|a MARS
|
| 999 |
f |
f |
|s 992199b4-8aec-33df-9bb5-926df284ff04
|i 45f0516f-5d90-37d6-9742-e25a6cf6c1e6
|t 0
|
| 952 |
f |
f |
|p normal
|a Texas A&M University
|b College Station
|c Sterling C. Evans Library
|d Evans: Library Stacks
|t 0
|e DG551 .D44 2013
|h Library of Congress classification
|i unmediated -- volume
|m A14839871639
|
| 998 |
f |
f |
|a DG551 .D44 2013
|t 0
|l Evans: Library Stacks
|